80's Albums - Sudden Death - Statistics

General Stats
  • This quiz has been taken 114 times
  • The average score is 6 of 16
Answers on the Grid
Answers color-coded by a green-red scale on the quiz's grid according to % correct below.
Nevermind
Jagged Little Pill
Thriller
Like a Prayer
Doolittle
Blood Sugar Sex Magik
Disintegration
The Stone Roses
Definitely Maybe
Rumours
Bat Out of Hell
Remain in Light
The Joshua Tree
OK Computer
Automatic for the People
The Queen Is Dead
Blood on the Tracks
Purple Rain
Hounds of Love
London Calling
Appetite for Destruction
Siamese Dream
Back In Black
Illmatic
The Dark Side of the Moon
Born in the U.S.A.
Enter the Wu-Tang (36 Chambers)
The Downward Spiral
It Takes a Nation of Millions to Hold Us Back
Graceland
Master of Puppets
Unknown Pleasures
 
Answer Stats
Answer % Correct
Thriller
92%
Like a Prayer
69%
Purple Rain
53%
Born in the U.S.A.
50%
Master of Puppets
49%
The Joshua Tree
43%
Appetite for Destruction
38%
Back In Black
35%
The Stone Roses
31%
Disintegration
27%
Graceland
27%
The Queen Is Dead
26%
Doolittle
22%
Hounds of Love
20%
It Takes a Nation of Millions to Hold Us Back
20%
Remain in Light
18%
No matching quizzes found
Score Distribution
Percent of People with Each Score
Percentile by Number Answered
Your Score History
You have not taken this quiz